[Event "American Continental 16th"]
[Site "San Salvador"]
[Date "2022.05.06"]
[Round "6"]
[White "Serrato, Rafael Antonio"]
[Black "Villalta, Diego"]
[Result "1-0"]
[WhiteElo "1725"]
[BlackElo "1438"]
[PlyCount "87"]
[EventDate "2022.05.02"]
[EventType "swiss"]
[EventRounds "11"]
[EventCountry "ESA"]
[SourceTitle "EXT 2023"]
[Source "ChessBase"]
[SourceDate "2022.10.05"]
[SourceVersion "1"]
[SourceVersionDate "2022.10.05"]
[SourceQuality "1"]

1. d4 Nf6 2. Nf3 e6 3. Bf4 d5 4. e3 c5 5. Nbd2 Nc6 6. c3 Be7 7. h3 b6 8. Bd3 0-0 9. 0-0 Bb7 10. Qe2 c4 11. Bc2 Nh5 12. Bh2 f5 13. Ne5 Nf6 14. f3 Nxe5 15. dxe5 Nd7 16. f4 Nc5 17. Nf3 Qd7 18. Rad1 Ba6 19. g4 g6 20. Rf2 Kh8 21. Bg3 Bb5 22. Nd4 a5 23. g5 Ba6 24. h4 b5 25. h5 Kg7 26. Rh2 Rh8 27. Rf1 Rag8 28. Rff2 Kf7 29. Rfg2 b4 30. Bb1 Qb7 31. Be1 Na4 32. Qd1 Nc5 33. Bc2 Rb8 34. Rg3 b3 35. axb3 cxb3 36. Bb1 Rbg8 37. Rgh3 Qc7 38. Qf3 Kg7 39. Qg2 a4 40. Qh1 gxh5 41. Rxh5 h6 42. Rxh6 Rxh6 43. Rxh6 Rh8 44. Nc6 1-0

[Event "American Continental 16th"]
[Site "San Salvador"]
[Date "2022.05.03"]
[Round "2"]
[White "Cantillano, Edward"]
[Black "Villalta, Diego"]
[Result "0-1"]
[WhiteElo "1812"]
[BlackElo "1438"]
[PlyCount "130"]
[EventDate "2022.05.02"]
[EventType "swiss"]
[EventRounds "11"]
[EventCountry "ESA"]
[SourceTitle "CBM 208 Extra"]
[Source "ChessBase"]
[SourceDate "2022.07.31"]
[SourceVersion "1"]
[SourceVersionDate "2022.07.31"]
[SourceQuality "1"]

1. d4 Nf6 2. c4 e6 3. Nf3 b6 4. Nc3 Bb4 5. e3 Ne4 6. Qc2 Bb7 7. Bd3 f5 8. 0-0 Bxc3 9. bxc3 0-0 10. Nd2 Nxd2 11. Bxd2 Qh4 12. f3 Rf6 13. g3 Qh5 14. e4 Qf7 15. Rae1 Na6 16. exf5 exf5 17. Bg5 Re6 18. Bxf5 Rxe1 19. Rxe1 g6 20. Be4 c6 21. Bd3 Re8 22. Rxe8+ Qxe8 23. Qd2 Nc7 24. Bf4 Ne6 25. Qe3 Qf8 26. Bh6 Qf6 27. f4 Kf7 28. Qf2 Ng7 29. g4 Ba6 30. Bg5 Qe6 31. Qe2 Qxe2 32. Bxe2 d5 33. Kf2 Bxc4 34. Bxc4 dxc4 35. Ke3 Ke6 36. Bh6 Ne8 37. Bf8 Nf6 38. f5+ gxf5 39. gxf5+ Kxf5 40. Bd6 Nd5+ 41. Kd2 b5 42. a3 a5 43. Bc5 Kg4 44. Bd6 h5 45. Bf8 Kh3 46. Bd6 Nf6 47. Kc2 Ng4 48. a4 bxa4 49. Kb2 Nxh2 50. Ka3 Kg2 51. Kxa4 h4 52. Kxa5 Nf1 53. Kb6 Ng3 54. Kxc6 h3 55. Bxg3 Kxg3 56. d5 h2 57. d6 h1Q+ 58. Kc7 Kf3 59. d7 Qh8 60. d8Q Qxd8+ 61. Kxd8 Ke4 62. Kd7 Kd3 63. Kd6 Kxc3 64. Kd5 Kb3 65. Kd4 c3 0-1

[Event "Caribbean-ch U14"]
[Site "San Salvador"]
[Date "2021.11.27"]
[Round "3"]
[White "Barrantes Granados, Ian Daniel"]
[Black "Villalta, Diego"]
[Result "1-0"]
[WhiteElo "1161"]
[BlackElo "1334"]
[PlyCount "95"]
[EventDate "2021.11.27"]
[EventType "swiss"]
[EventRounds "9"]
[EventCountry "ESA"]
[SourceTitle "EXT 2023"]
[Source "ChessBase"]
[SourceDate "2022.10.05"]
[SourceVersion "1"]
[SourceVersionDate "2022.10.05"]
[SourceQuality "1"]
[WhiteTeam "Costa Rica"]
[BlackTeam "El Salvador"]
[WhiteTeamCountry "CRI"]
[BlackTeamCountry "ESA"]

1. e4 c5 2. d4 cxd4 3. c3 dxc3 4. Nxc3 Nc6 5. Nf3 e5 6. Bc4 h6 7. Qb3 d5 8. Bxd5 Qe7 9. 0-0 Nf6 10. Rd1 Bg4 11. Qa4 Rc8 12. Nb5 Nd7 13. Bxc6 Rxc6 14. Qxa7 Nc5 15. Rd5 f6 16. Nh4 Kf7 17. Nd6+ Rxd6 18. Qxc5 Rxd5 19. Qxd5+ Be6 20. Qd1 h5 21. Nf3 g5 22. Be3 Qb4 23. Qc2 Be7 24. Bd2 Qb5 25. a4 Qb3 26. Qxb3 Bxb3 27. Bc3 Ra8 28. Nd2 Bc2 29. a5 Bd3 30. g3 g4 31. Kg2 Ke6 32. h3 Bc5 33. hxg4 hxg4 34. Rh1 Bd4 35. Bxd4 exd4 36. Rh7 Rxa5 37. Rxb7 Re5 38. f3 f5 39. exf5+ Kxf5 40. fxg4+ Kxg4 41. Rg7+ Kf5 42. Rf7+ Kg4 43. Rf2 Re2 44. Nf3 Re3 45. Nh2+ Kg5 46. Rd2 Re2+ 47. Rxe2 Bxe2 48. Nf3+ 1-0

[Event "Caribbean-ch U14"]
[Site "San Salvador"]
[Date "2021.11.27"]
[Round "8"]
[White "Lopez Escobar, Daniel Alejandro"]
[Black "Villalta, Diego"]
[Result "0-1"]
[WhiteElo "1344"]
[BlackElo "1334"]
[PlyCount "112"]
[EventDate "2021.11.27"]
[EventType "swiss"]
[EventRounds "9"]
[EventCountry "ESA"]
[SourceTitle "EXT 2023"]
[Source "ChessBase"]
[SourceDate "2022.10.05"]
[SourceVersion "1"]
[SourceVersionDate "2022.10.05"]
[SourceQuality "1"]
[WhiteTeam "Guatemala"]
[BlackTeam "El Salvador"]
[WhiteTeamCountry "GUA"]
[BlackTeamCountry "ESA"]

1. e4 c6 2. d4 d5 3. Nc3 Nf6 4. exd5 cxd5 5. Nf3 Nc6 6. h3 Bf5 7. Bg5 e6 8. Ne5 h6 9. Bh4 a6 10. Nxc6 bxc6 11. Bd3 Bxd3 12. Qxd3 Be7 13. 0-0 0-0 14. b3 Qc7 15. Bg3 Qd7 16. Na4 Ra7 17. c4 dxc4 18. bxc4 c5 19. Nb6 Qc6 20. Rab1 Rb7 21. d5 Qe8 22. d6 Bd8 23. Nd5 Rxb1 24. Nxf6+ Bxf6 25. Rxb1 Qc6 26. d7 Bd4 27. Qa3 e5 28. Qa5 Qxd7 29. Qxa6 Qf5 30. Qb5 Qg5 31. a4 Qxg3 32. Rf1 Qa3 33. Qc6 Rb8 34. Kh2 Qb4 35. Rc1 Qb6 36. Qf3 Qd6 37. Qe4 Rb2 38. f4 exf4 39. Qe8+ Kh7 40. Qe4+ g6 41. Qd5 Qxd5 42. cxd5 f3 43. d6 Be5+ 44. Kg1 Rxg2+ 45. Kf1 Bxd6 46. Rc3 Rg5 47. a5 c4 48. a6 Ra5 49. Rxc4 Bg3 50. Rc1 Rxa6 51. Rd1 Re6 52. Rb1 f2 53. Kg2 Re1 54. Rxe1 fxe1Q 55. h4 Qf2+ 56. Kh1 Qh2# 0-1

[Event "Caribbean-ch U14"]
[Site "San Salvador"]
[Date "2021.11.27"]
[Round "6"]
[White "Vasquez Vasquez, Marielos"]
[Black "Villalta, Diego"]
[Result "1/2-1/2"]
[WhiteElo "1395"]
[BlackElo "1334"]
[PlyCount "114"]
[EventDate "2021.11.27"]
[EventType "swiss"]
[EventRounds "9"]
[EventCountry "ESA"]
[SourceTitle "EXT 2023"]
[Source "ChessBase"]
[SourceDate "2022.10.05"]
[SourceVersion "1"]
[SourceVersionDate "2022.10.05"]
[SourceQuality "1"]
[WhiteTeam "El Salvador"]
[BlackTeam "El Salvador"]
[WhiteTeamCountry "ESA"]
[BlackTeamCountry "ESA"]

1. d4 Nf6 2. Nf3 e6 3. c4 d5 4. g3 Be7 5. Bg2 0-0 6. 0-0 c5 7. Nc3 b6 8. Ne5 Bb7 9. dxc5 Bxc5 10. Bg5 h6 11. Bxf6 Qxf6 12. Nd3 Bd4 13. Nb5 Na6 14. Rb1 Rfd8 15. e3 Bc5 16. b4 Be7 17. Qa4 Bf8 18. cxd5 exd5 19. Nd4 Nc7 20. Nc1 Ne6 21. Nce2 Bd6 22. Qb3 Be5 23. Rfd1 Rd7 24. Rbc1 Rad8 25. a4 Bxd4 26. Nxd4 Nxd4 27. Rxd4 Qe6 28. b5 a5 29. Rc3 Kh8 30. Qd1 f5 31. Rcd3 g6 32. e4 Re8 33. exd5 Qe1+ 34. Bf1 Qxd1 35. Rxd1 Kg7 36. f4 Rd6 37. Kf2 Kf6 38. Bg2 Rc8 39. h3 Rc2+ 40. R1d2 Rxd2+ 41. Rxd2 Bc8 42. Ke3 h5 43. h4 Bd7 44. Rc2 Be8 45. Kd4 Bd7 46. Rc7 Be8 47. Bf1 Bd7 48. Bc4 Be8 49. Bb3 Bd7 50. Rc6 Bxc6 51. bxc6 Ke7 52. Kc4 Rd8 53. Kb5 Kd6 54. Bc4 Kc7 55. Ka6 Ra8+ 56. Kb5 Re8 57. Ka6 Ra8+ 1/2-1/2

[Event "Caribbean-ch U14"]
[Site "San Salvador"]
[Date "2021.11.27"]
[Round "4"]
[White "Villalta, Diego"]
[Black "Torres Urena, Edgar Jose"]
[Result "1-0"]
[WhiteElo "1334"]
[BlackElo "1056"]
[PlyCount "55"]
[EventDate "2021.11.27"]
[EventType "swiss"]
[EventRounds "9"]
[EventCountry "ESA"]
[SourceTitle "EXT 2023"]
[Source "ChessBase"]
[SourceDate "2022.10.05"]
[SourceVersion "1"]
[SourceVersionDate "2022.10.05"]
[SourceQuality "1"]
[WhiteTeam "El Salvador"]
[BlackTeam "Costa Rica"]
[WhiteTeamCountry "ESA"]
[BlackTeamCountry "CRI"]

1. c4 Nf6 2. Nc3 g6 3. g3 Bg7 4. Bg2 d6 5. e4 0-0 6. h3 e5 7. Nge2 c6 8. 0-0 a6 9. d3 b5 10. f4 exf4 11. Bxf4 Nh5 12. Be3 Nd7 13. Qd2 Ne5 14. cxb5 axb5 15. g4 Nf6 16. Bg5 b4 17. Nd1 Qb6+ 18. d4 Nfd7 19. Ne3 f6 20. dxe5 fxg5 21. Rxf8+ Nxf8 22. exd6 Ba6 23. Rd1 Bxb2 24. Kh1 Be5 25. Nd5 Qf2 26. Ne7+ Kg7 27. Nd4 Qg3 28. Ndf5+ 1-0

[Event "Pan American-ch Hybrid U14 31st"]
[Site "Tornelo INT"]
[Date "2021.09.04"]
[Round "7"]
[White "Villalta, Diego"]
[Black "Machado, Alessandro Mathias"]
[Result "0-1"]
[WhiteElo "1277"]
[BlackElo "1500"]
[PlyCount "132"]
[EventDate "2021.09.04"]
[EventType "swiss"]
[EventRounds "9"]
[EventCountry "NET"]
[SourceTitle "EXT 2023"]
[Source "ChessBase"]
[SourceDate "2022.10.05"]
[SourceVersion "1"]
[SourceVersionDate "2022.10.05"]
[SourceQuality "1"]

1. c4 Nf6 2. Nc3 e6 3. g3 d5 4. cxd5 exd5 5. d4 c6 6. Bg2 Bf5 7. Nf3 Bd6 8. 0-0 0-0 9. Nh4 Bg4 10. Qd3 Qc8 11. Bg5 Ne8 12. Rac1 h6 13. Bd2 Nc7 14. f3 Bh3 15. e4 Bxg2 16. Kxg2 Bb4 17. e5 f5 18. exf6 Rxf6 19. Nxd5 Nxd5 20. Bxb4 Nxb4 21. Qb3+ Qe6 22. Qxb4 Nd7 23. f4 Nb6 24. Qb3 Qxb3 25. axb3 Rd8 26. Nf3 Rf5 27. Rc5 Rdd5 28. Rfc1 Nd7 29. Rxd5 Rxd5 30. Kf2 Nf6 31. Ke2 Rb5 32. Nd2 Rh5 33. h4 Rd5 34. Kd3 Kf7 35. Rc5 Ke6 36. Ke3 Ng4+ 37. Kf3 Rxd4 38. Kxg4 Rxd2 39. Kh5 Rxb2 40. Rc3 Kf5 41. Rf3 Rg2 42. Re3 Kf6 43. Rf3 a5 44. f5 b5 45. g4 Rb2 46. g5+ hxg5 47. hxg5+ Kf7 48. Kg4 a4 49. bxa4 Rb4+ 50. Kg3 Rxa4 51. Kf2 Rg4 52. g6+ Kf6 53. Ke3 c5 54. Kd3 Rd4+ 55. Ke3 Rd5 56. Ke4 Re5+ 57. Kd3 Rxf5 58. Re3 Kxg6 59. Kc3 Kf6 60. Rd3 g5 61. Rd6+ Ke5 62. Rc6 Kf4 63. Rg6 g4 64. Kd3 Kf3 65. Rh6 g3 66. Rg6 g2 0-1

[Event "Pan American-ch U12"]
[Site "Guayaquil"]
[Date "2019.07.26"]
[Round "8"]
[White "Villalta, Diego"]
[Black "Riveros Rodriguez, Yeral Manuel"]
[Result "1/2-1/2"]
[WhiteElo "1104"]
[BlackElo "1298"]
[PlyCount "64"]
[EventDate "2019.07.21"]
[EventType "swiss"]
[EventRounds "9"]
[EventCountry "ECU"]
[SourceTitle "EXT 2020"]
[Source "ChessBase"]
[SourceDate "2019.10.17"]
[SourceVersion "1"]
[SourceVersionDate "2019.10.17"]
[SourceQuality "1"]

1. e4 e6 2. d4 d5 3. exd5 exd5 4. c4 c6 5. Nc3 Bf5 6. Nf3 Nf6 7. Be2 Be7 8. 0-0 0-0 9. Bf4 Re8 10. Re1 Nbd7 11. Bd3 Bg4 12. h3 Bh5 13. Rc1 Nf8 14. Bg5 dxc4 15. Bxf6 Bxf6 16. Rxe8 Qxe8 17. Bxc4 Bxf3 18. Qxf3 Bxd4 19. Rd1 Bxc3 20. bxc3 Nd7 21. Bxf7+ Qxf7 22. Qxf7+ Kxf7 23. Rxd7+ Kf6 24. Rxb7 Rd8 25. Rxa7 Rd3 26. c4 Rc3 27. Ra4 Ke5 28. Ra7 Kf6 29. Ra4 h5 30. Kf1 Rc2 31. Ke1 c5 32. Ra6+ Kf5 1/2-1/2